| 000 | 00420nam a2200145Ia 4500 | ||
|---|---|---|---|
| 008 | 230917s9999||||xx |||||||||||||| ||und|| | ||
| 040 |
_e78311 _aMAIN |
||
| 041 | _aEnglish | ||
| 082 | _a340.046 M951N | ||
| 100 | _aMurphy, Earl Finbar | ||
| 245 | 0 | _aNature bureaucracy and the rules of property: Regulating the renewing environment | |
| 260 |
_aAmsterdam _bNorth-Holland _c1977 |
||
| 300 | _axii, 335 p. | ||
| 942 | _cBK | ||
| 999 |
_c200933 _d200933 |
||